00847cam a2200253 i 450000500170000000800410001701000170005802000180007502000150009304000500010806000100015810000200016824500820018825000110027026000600028130000730034150400530041465000270046765000150049465000260050970000290053570000210056404100080058520180312122245.0151209s2015 xxuado fr 001 0 eng d a 2014430335 a9780123946263 a0123946263 aCo-BoUCMbspacSandra PalaciodSandra Palacio aQW 551 aPepper, Ian L. 10aEnvironmental microbiology cIan L. Pepper, Charles P. Gerba, Terry J. Gentry a3rd ed aSan Diego (California, Estados Unidos)bElservierc2015 axv, 705 páginasbilustraciones, tablas, gráficos y fotografías aIncluye referencias bibliográficas e índices 7aEcología microbiana  7aBacterias  7aEcología bacteriana1 aGerba, Charles P.d1945-1 aGentry, Terry J. aeng